|
|
|
|
| LEADER |
00000cam a2200000 7i4500 |
| 001 |
0000005618 |
| 005 |
20201201093000.0 |
| 008 |
021119s1969 |
| 020 |
|
|
|a 9772477815
|
| 090 |
0 |
0 |
|a BP75
|b .H391
|
| 100 |
0 |
|
|a هيكل، محمد حسين ,
|e author
|
| 245 |
1 |
0 |
|a حياة محمد
|c محمد حسين هيكل
|
| 260 |
2 |
|
|a Qahirah :
|b Dar al-Ma`rifah ,
|c [1969]
|
| 300 |
|
|
|a 628 p. ;
|c 25 cm.
|
| 504 |
|
|
|a Includes index
|
| 600 |
0 |
0 |
|a Muhammad ,
|c Prophet ,
|d - 632
|
| 745 |
0 |
0 |
|a Hayat Muhammad
|
| 999 |
|
|
|a 1000015795
|b Book
|c OPEN SHELF (30 DAYS)
|e Gong Badak Campus
|
| 999 |
|
|
|a 1000015796
|b Book
|c OPEN SHELF (30 DAYS)
|e Gong Badak Campus
|
| 999 |
|
|
|a 1000015797
|b Book
|c OPEN SHELF (30 DAYS)
|e Gong Badak Campus
|
| 999 |
|
|
|a 1000044697
|b Book
|c OPEN SHELF (30 DAYS)
|e Gong Badak Campus
|